Statistics for European Geography by Letter - T

Click here to take the quiz!

General Stats

  • This quiz has been taken 56 times
  • The average score is 15 of 20

Answer Stats

HintAnswer% Correct
Italian city that hosted the 2006 Winter OlympicsTurin
100%
Country mainly in Asia, with a small portion in southeastern EuropeTurkey
100%
Capital of AlbaniaTirana
98%
Historical title for the monarchs of Russia, Bulgaria, and Serbiatsar
98%
Capital of EstoniaTallinn
96%
English river that flows through LondonThames
92%
Most prestigious bicycle race in the worldTour de France
92%
Second-largest city in GreeceThessaloniki
90%
Fourth-largest city of France; located in the south of the countryToulouse
90%
Region of Italy considered to be the birthplace of the RenaissanceTuscany
88%
Important naval battle during the Napoleonic Wars, where the British under the command of Horatio Nelson defeated France and Spain, though Nelson was killedBattle of Trafalgar
81%
Communist politician who ruled Yugoslavia from 1944-1980Josip Broz Tito
79%
Italian city bordering Slovenia that was independent from 1947-1954Trieste
69%
Historical region in western Austria and northern ItalyTyrol
58%
Sea between mainland Italy, Sicily, Sardinia, and CorsicaTyrrhenian Sea
54%
Largest city in northern NorwayTromsø
52%
Capital of the Faroe IslandsTórshavn
44%
Historical region in southeast Europe on the Black SeaThrace
38%
Second-most populous republic of Russia; its capital is KazanTatarstan
33%
Northernmost island of GreeceThasos
17%

Score Distribution

Percentile by Number Answered

Percent of People with Each Score

Your Score History

You have not taken this quiz